Que sais-je? : l'art et la littérature fantastiques /

Uloženo v:
Podrobná bibliografie
Hlavní autor: Vax, Louis (autor)
Médium: Kniha
Jazyk:francouzština
Vydáno: París, Francia : Presses Universitaires de France, 1960, c1960
Tagy: Přidat tag
Žádné tagy, Buďte první, kdo vytvoří štítek k tomuto záznamu!

MARC

LEADER 00000nam^a2200000^a^4500
001 000629708
005 20260407000000.0
009 20260408133316.484
037 |a Acervo ITESO - Biblioteca 
041 |a FRA 
091 |a FOB. 04308 
100 |a Vax, Louis  |e (autor) 
245 1 0 |a Que sais-je? :  |b l'art et la littérature fantastiques / 
264 4 |a París, Francia :  |b Presses Universitaires de France,  |c 1960, c1960 
300 |a 125 p. 
336 |a texto  |b txt  |2 rdacontenido 
337 |a sin mediación  |b n  |2 rdamedio 
338 |a volumen  |b nc  |2 rdasoporte 
649 |a XX 
910 |a Fondo Carlos de Obeso Orendain 
920 |a Impresos - Libros 
930 |a Fondos Especiales 
940 |a Literatura 
905 |a 147 
901 |a 630090-10  |b IT2  |c ESP  |i D87009  |u 20260407 
902 |a https://opac.biblio.iteso.mx/vufind/Record/000629708